MARC

LEADER 00000nam0a2200000 4500
001 107798
005 20231101214746.0
035 |a (RuTPU)RU\TPU\book\116368 
090 |a 107798 
100 |a 20061229d1972 m y0rusy50 ca 
101 0 |a rus 
102 |a RU 
105 |a a z 000zy 
200 1 |a Альбом репродукций  |f И. Л. Левитан 
210 |a Москва  |c Изобразительное искусство  |d 1972 
215 |a 16 с.  |c ил. 
600 1 |a Левитан  |b И. И.  |c российский живописец  |f 1860-1900  |g Исаак Ильич  |2 stltpush  |3 (RuTPU)RU\TPU\pers\11976  |9 3084 
610 1 |a искусство 
610 1 |a живопись 
610 1 |a пейзаж 
610 1 |a пейзажная живопись 
610 1 |a русское искусство 
610 1 |a 19 век 
610 1 |a альбомы 
675 |a 75С1(084)  |v 3 
700 1 |a Левитан  |b И. Л.  |g Исаак Львович 
801 1 |a RU  |b 63413507  |c 20061229  |g PSBO 
801 2 |a RU  |b 63413507  |c 20071029  |g PSBO 
942 |c BK